Relación acerca de las antigüedades de los Indios : El primer tratado escrito en América / Ramón Pané (Registro nro. 43323)
[ vista simple ]
| 000 -LÍDER | |
|---|---|
| Campo fijo de descripción fija | 004040000a22001450004500 |
| 041 0# - CÓDIGO DE IDIOMA | |
| Código de idioma para texto/pista de sonido o título separado | |
| 082 04 - NÚMERO DE CLASIFICACIÓN DECIMAL DEWEY | |
| Número de clasificación | G 972.93 P1871r |
| 001 - NÚMERO DE CONTROL | |
| Campo de control | 14460 |
| 100 1# - ASIENTO PRINCIPAL--NOMBRE PERSONAL | |
| Nombre personal | Pané, Ramón (1571-) |
| 245 10 - TÍTULO | |
| Título del Material | Relación acerca de las antigüedades de los Indios : El primer tratado escrito en América / Ramón Pané |
| 260 ## - PUBLICACIÓN, DISTRIBUCIÓN, ETC. (PIE DE IMPRENTA) | |
| Lugar de publicación, distribución, etc. | México : Siglo xxi |
| 300 ## - DESCRIPCIÓN FÍSICA | |
| Extensión | 125 Pág. |
| 650 14 - ASIENTO SECUNDARIO DE MATERIA - TERMINO TEMÁTICO | |
| Término temático o nombre geográfico como elemento de entrada | INDIGENAS - AMERICA |
| 942 ## - TIPO DE MATERIAL (KOHA) | |
| Tipo de Item KOHA | Libros General |
| Estado de Material | Estado de Perdido | Estado de Dañado | No para Préstamo | Colección | Tomo | Biblioteca de Origen | Biblioteca Permanente | Fecha de Adquisición | Total de Préstamos | Signatura Topográfica | Código de Barras | Última vez visto | Ejemplar/Existencia | Fecha de Remplazo | Tipo de Material |
|---|---|---|---|---|---|---|---|---|---|---|---|---|---|---|---|
| Colección General | Biblioteca FUSBC | Biblioteca FUSBC | 06/07/2007 | G 972.93 P1871r | 16503 | 12/12/2019 | 1 | 26/01/2016 | Libros General |
